000 00523nam a2200205Ia 4500
003 OSt
005 20220926042856.0
006 a|||||r|||| 00| 0
007 ta
008 220923b |||||||| |||| 00| 0 eng d
037 _cGeneral Book
040 _aRTL
_cRTL
_beng
041 _2eng
_aeng
082 _aX65, G1 D&W
100 _aWest H. Cope
_9346868
245 0 _aRoot principles of investment
650 _aInvestment
942 _hX65, G1 D&W
_cGB
_2CC
999 _c670775
_d670775